Statistics for Nutrition Quiz

Click here to take the quiz!

General Stats

  • This quiz has been taken 357 times
  • The average score is 6 of 15

Answer Stats

HintAnswer% Correct
Easy first one: What keeps the Doctor away?An Apple
97%
Macronutrient derived from meat, cheese, nuts, broccoliProtein
79%
In the human body, a balance is necessary between Sodium and ...? (Hint: Find me in bananas!)Potassium
77%
Vitamin that makes important contribution to your visionVitamin A
71%
Macronutrient derived from grains, fruits, starchCarbohydrates
67%
Fatty Acid that benefits the brain and bodyOmega-3
66%
Metabolic disease that causes high blood sugar, as the body is unable struggling to produce insulin - Can be caused by unhealthy diet and inactive lifestyleDiabetes
54%
Vitamin that aids iron absorptionVitamin C
38%
Macronutrient derived from fish, oils, nutsLipids
30%
B vitamin important for cell growth and metabolism (Hint: I am essential to pregnant women)Folate
22%
A type of carbohydrate that the body cannot digest (Hint: I'm still good for you)Fibre
20%
Minerals, including Sodium, Potassium, Calcium, Magnesium and Phosphate that contribute to important bodily functions and processes? (Hint: We can aqcuire the ability to conduct electricity)Electrolytes
17%
Condition from taking in too many vitaminsHypervitaminosis
7%
Carbohydrates are stored as ................. in the muscles, and used as quick energy.Glucogen
3%
Condition from taking too little vitaminsAvitaminosis
2%

Score Distribution

Percentile by Number Answered

Percent of People with Each Score

Your Score History

You have not taken this quiz